<?xml version="1.0" encoding="UTF-8"?>
<record
    xmlns:xsi="http://www.w3.org/2001/XMLSchema-instance"
    xsi:schemaLocation="http://www.loc.gov/MARC21/slim http://www.loc.gov/standards/marcxml/schema/MARC21slim.xsd"
    xmlns="http://www.loc.gov/MARC21/slim">

  <leader>01135cam a2200241Ka 4500</leader>
  <datafield tag="020" ind1=" " ind2=" ">
    <subfield code="a">0078296315 (Gr.6 student book 1)</subfield>
  </datafield>
  <datafield tag="020" ind1=" " ind2=" ">
    <subfield code="a">0078296323 (Gr.6 teacher ed.)</subfield>
  </datafield>
  <datafield tag="020" ind1=" " ind2=" ">
    <subfield code="a">0078296331 (Gr.7 student book)</subfield>
  </datafield>
  <datafield tag="020" ind1=" " ind2=" ">
    <subfield code="a">007829634x (Gr.7 teacher ed.)</subfield>
  </datafield>
  <datafield tag="020" ind1=" " ind2=" ">
    <subfield code="a">0078296358 (Gr.8, student book)</subfield>
  </datafield>
  <datafield tag="020" ind1=" " ind2=" ">
    <subfield code="a">0078296366 (Gr.8, teacher ed.)</subfield>
  </datafield>
  <datafield tag="040" ind1=" " ind2=" ">
    <subfield code="c">OUV</subfield>
  </datafield>
  <datafield tag="082" ind1=" " ind2=" ">
    <subfield code="a">510 GLE 2004 A109 Or.</subfield>
  </datafield>
  <datafield tag="245" ind1="0" ind2="0">
    <subfield code="a">Glencoe mathematics :</subfield>
    <subfield code="b">applications and concepts /</subfield>
  </datafield>
  <datafield tag="246" ind1="3" ind2="0">
    <subfield code="a">Mathematics :</subfield>
    <subfield code="b">applications and concepts</subfield>
  </datafield>
  <datafield tag="260" ind1=" " ind2=" ">
    <subfield code="a">New York :</subfield>
    <subfield code="b">Glencoe/McGraw-Hill,</subfield>
    <subfield code="c">c2004.</subfield>
  </datafield>
  <datafield tag="300" ind1=" " ind2=" ">
    <subfield code="a">v. :</subfield>
    <subfield code="b">ill. ;</subfield>
    <subfield code="c">28 cm.</subfield>
  </datafield>
  <datafield tag="500" ind1=" " ind2=" ">
    <subfield code="a">Teacher resources: Student book (Gr.6-8:text) -- Teacher ed. (Gr.6-8:te1-2) -- Quick review math handbook (Gr.6-8:sr) -- Resource masters, chapters 1 through 14 (Gr.6-8:tr1:v.1-14) -- Calculator and spreadsheet masters (Gr.6-8:tr2) -- Math skills maintenance workbook -- Teaching mathematics with manipulatives (Gr.6-8:tr3) -- WebQuests, projects and interdisciplinary investigations (Gr.6-8:tr4).</subfield>
  </datafield>
  <datafield tag="650" ind1=" " ind2="0">
    <subfield code="a">Mathematics</subfield>
  </datafield>
  <datafield tag="650" ind1=" " ind2="0">
    <subfield code="a">Mathematics</subfield>
  </datafield>
  <datafield tag="700" ind1="1" ind2=" ">
    <subfield code="a">Bailey, Rhonda.</subfield>
  </datafield>
  <datafield tag="942" ind1=" " ind2=" ">
    <subfield code="c">EK</subfield>
  </datafield>
  <datafield tag="999" ind1=" " ind2=" ">
    <subfield code="c">16774</subfield>
    <subfield code="d">16774</subfield>
  </datafield>
  <datafield tag="952" ind1=" " ind2=" ">
    <subfield code="0">0</subfield>
    <subfield code="1">0</subfield>
    <subfield code="4">0</subfield>
    <subfield code="6">510_000000000000000_GLE_2004_A106_OR</subfield>
    <subfield code="7">0</subfield>
    <subfield code="9">71772</subfield>
    <subfield code="a">LBA</subfield>
    <subfield code="b">LBA</subfield>
    <subfield code="c">A106</subfield>
    <subfield code="d">2018-04-25</subfield>
    <subfield code="o">510 GLE 2004 A106 Or.</subfield>
    <subfield code="p">A19672</subfield>
    <subfield code="r">2018-04-25</subfield>
    <subfield code="y">EK</subfield>
  </datafield>
</record>
